[Event "Continental op 49th"]
[Site "Sturbridge"]
[Date "2019.08.18"]
[Round "8"]
[White "Chen, Maxwell D"]
[Black "Barash, Anton"]
[Result "0-1"]
[WhiteElo "1808"]
[BlackElo "1996"]
[PlyCount "54"]
[EventDate "2019.08.14"]
[EventType "swiss"]
[EventRounds "9"]
[EventCountry "USA"]
[SourceTitle "CBM 191 Extra"]
[Source "ChessBase"]
[SourceDate "2019.09.30"]
[SourceVersion "1"]
[SourceVersionDate "2019.09.30"]
[SourceQuality "1"]

1. c4 e5 2. g3 Nf6 3. Bg2 d5 4. cxd5 Nxd5 5. Nc3 Nb6 6. d3 Be7 7. Nf3 Nc6 8. 0-0 0-0 9. Be3 Re8 10. Rc1 Be6 11. a3 f6 12. Na4 Nd4 13. Nxd4 exd4 14. Bf4 c6 15. Nc5 Bxc5 16. Rxc5 Qe7 17. Rc1 Bg4 18. Re1 g5 19. f3 gxf4 20. fxg4 fxg3 21. hxg3 Qe3+ 22. Kh2 Qh6+ 23. Bh3 Nd5 24. Qa4 Nf4 25. gxf4 Re3 26. Rh1 Qxh3+ 27. Kg1 Qxg4+ 0-1

[Event "Continental op 49th"]
[Site "Sturbridge"]
[Date "2019.08.15"]
[Round "3"]
[White "Matsumura, Cocoro"]
[Black "Chen, Maxwell D"]
[Result "1/2-1/2"]
[WhiteElo "1829"]
[BlackElo "1808"]
[PlyCount "95"]
[EventDate "2019.08.14"]
[EventType "swiss"]
[EventRounds "9"]
[EventCountry "USA"]
[SourceTitle "CBM 191 Extra"]
[Source "ChessBase"]
[SourceDate "2019.09.30"]
[SourceVersion "1"]
[SourceVersionDate "2019.09.30"]
[SourceQuality "1"]

1. e4 e5 2. Nf3 Nc6 3. Bb5 a6 4. Ba4 Nf6 5. 0-0 Be7 6. Re1 b5 7. Bb3 d6 8. c3 0-0 9. h3 Na5 10. Bc2 c5 11. d4 Qc7 12. Nbd2 cxd4 13. cxd4 Bd7 14. Nf1 Rac8 15. Ne3 Rfe8 16. b3 Bf8 17. Bb2 exd4 18. Nxd4 Qb7 19. Qd2 Nc6 20. Nxc6 Bxc6 21. Bxf6 gxf6 22. Nd5 Bg7 23. Rac1 Kh8 24. Qd3 Re5 25. Bb1 Rce8 26. f4 Rh5 27. Qd1 Rh6 28. Nb4 Bd7 29. Qxd6 f5 30. Qc7 Bd4+ 31. Kh2 Bc8 32. exf5 Rg8 33. Be4 Qxc7 34. Rxc7 Bf2 35. Rec1 Bg3+ 36. Kh1 Bxf4 37. Rxc8 Bxc1 38. Rxc1 Rh4 39. Re1 Rgg4 40. Bf3 Rxb4 41. f6 h6 42. Re7 Rhf4 43. Rxf7 Rbd4 44. Bh5 Kg8 45. Rg7+ Kf8 46. Rf7+ Kg8 47. Rg7+ Kf8 48. Rf7+ 1/2-1/2